Principle of Office Management (Record no. 152710)

MARC details
000 -LEADER
fixed length control field 00490nam a22001577a 4500
005 - DATE AND TIME OF LATEST TRANSACTION
control field 20180705100443.0
020 ## - INTERNATIONAL STANDARD BOOK NUMBER
International Standard Book Number 8189093673
Terms of availability 0.00
035 ## - SYSTEM CONTROL NUMBER
System control number B-161998, B-161982
082 ## - DEWEY DECIMAL CLASSIFICATION NUMBER
Classification number 651.3
100 ## - MAIN ENTRY--PERSONAL NAME
Personal name Bhatia, R.C.
245 ## - TITLE STATEMENT
Title Principle of Office Management
Statement of responsibility, etc by Bhatia.R.C
260 ## - PUBLICATION, DISTRIBUTION, ETC. (IMPRINT)
Place of publication, distribution, etc New Delhi
Name of publisher, distributor, etc Lotus Press
Date of publication, distribution, etc 2005
270 ## - ADDRESS
Address 4263/3, Ansari Road, Darta Ganj, New Delhi
City New Delhi
Postal code 110002
300 ## - PHYSICAL DESCRIPTION
Extent xvii, 411p.
Dimensions 23cm, (Hb)
942 ## - ADDED ENTRY ELEMENTS (KOHA)
Source of classification or shelving scheme Dewey Decimal Classification
Item type English Books
Classification part 651.3
Call number suffix BHA
Holdings
Withdrawn status Lost status Not for loan Collection code Home library Current library Date acquired Source of acquisition Cost, normal purchase price Full call number Barcode Cost, replacement price Koha item type Copy number
      Non-fiction Patel Nagar Patel Nagar 05/07/2018 BPPD/Pub 0.00 651.3 BHA B-161982 0.00 English Books 1
      Non-fiction Sarojini Nagar Sarojini Nagar 16/02/2019     651.3 BHA B-162000   English Books  
      Non-fiction Shahdara Branch Shahdara Branch 14/06/2018 BPPD/PUB 0.00 651.3 BHA B-161998 0.00 English Books  
      Non-fiction Yojana Vihar Yojana Vihar 12/07/2019 BPPD/PUB 225.00 651.3 BHA B-161999 225.00 English Books  

© Delhi Public Library
Hit Counter
free hit counter